00391nam a2200145 a 45000010005000000030009000050080041000140400028000550820018000831000020001012450037001212600050001583000015002086500022002233742CO-ViMGA141112s2004 ck r 000 u spa d aCO-ViMGAbspacCO-ViMGA04a364.157 C177n1 aCastillo, Fabio10aLos nuevos jinetes de la cocaina aSantafé de Bogotá : bOveja Negra, c1996 a231 p : il14aCOCAINA - TRAFICO